Štúdium fosfolipázy Cld1 a jej úlohy v lipidovom metabolizme kvasinky Schizosaccharomyces pombe

Uložené v:
Podrobná bibliografia
Hlavný autor: Rondoš, Andrej (Autor)
Ďalší autori: Pokorná, Lucia (Vedúci práce)
Médium: Rukopis Kniha
Jazyk:Slovak
Vydavateľské údaje: 2023
Predmet:
On-line prístup:http://is.stuba.sk/zp/portal_zp.pl?podrobnosti=169608
Tagy: Pridať tag
Žiadne tagy, Buďte prvý, kto otaguje tento záznam!

MARC

LEADER 00000ntm a22000003a 4500
001 stuzp93184
003 SK-STU
005 20230909214244.6
007 ta
008 150427s2015----xo-----f-mn---000-0-slo-d
040 |a STU  |b slo 
041 0 |a slo 
100 1 |a Rondoš, Andrej  |u 044000  |4 aut  |U FCHPT Fakulta chemickej a potravinárskej technológie  |T FCHPT Ústav biotechnológie  |X 116690  |U C4000  |Y 102  |7 116690 
242 0 1 |a Study of phospholipase Cld1 and its role in the lipid metabolism of the yeast Schizosaccharomyces pombe  |y eng 
245 1 0 |a Štúdium fosfolipázy Cld1 a jej úlohy v lipidovom metabolizme kvasinky Schizosaccharomyces pombe 
260 |c 2023 
650 4 |a kardiolipín  |2 slo 
650 4 |a mitochondria  |2 slo 
650 4 |a Schizosaccharomyces pombe  |2 slo 
650 4 |a fosfolipáza Cld1  |2 slo 
650 4 |a cardiolipin  |2 eng 
650 4 |a phospholipase Cld1  |2 eng 
650 4 |a mitochondrion  |2 eng 
650 4 |a Schizosaccharomyces pombe  |2 eng 
700 1 |a Pokorná, Lucia  |4 ths  |X 16197  |7 A000016197 
856 4 |u http://is.stuba.sk/zp/portal_zp.pl?podrobnosti=169608